000 00205 a2200097 4500
020 _a9789355420909
100 _aSierra K.
245 _aHead First Java
250 _a3rd ed.
260 _bSPD O r'eilly
_c2022
999 _c357656
_d357656